00683nam a2200169 a 450008200190000010000280001924500550004726000610010230000710016350000320023452600370026665000130030365000490031694200120036599900190037795201170039600a358.20954bSAN1 aSandes, E. W. C.94913514aThe Indian sappers and miners /cby E.W.C. Sandes. aChatham [Kent] :bInstitution of Royal Engineers,c1948. axxx, 726 p., [44] leaves of plates (some folded) :bill. ;c25 cm. aThree fold. maps in pocket. a0b0c0d358_209540000000000_SAN 0aMCE9379 0aMilitary engineeringzIndiaxHistory.949136 2ddccBK c553191d553191 00102ddc4070aMCEbMCEcArchive Sectiond2015-02-02l0o358.20954 SANpMCE-EC1/80r2015-02-02w2021-03-14yBK